书目信息 |
| 题名: |
简明地理手册
|
|
| 作者: | ;呼和浩特市教育局教研室中心地理教研组 编 | |
| 分册: | ||
| 出版信息: | 呼和浩特 内蒙古人民出版社 1984 |
|
| 页数: | 355页 | |
| 开本: | 19cm | |
| 丛书名: | ||
| 单 册: | ||
| 中图分类: | K9-62 , K-62 | |
| 科图分类: | ||
| 主题词: | 历史--手册 | |
| 电子资源: | ||
| ISBN: | ||
| 000 | 00739nam0 2200241 450 | |
| 001 | 1573355331 | |
| 005 | 20150125195720.23 | |
| 010 | @dCNY1.10 | |
| 091 | @a12089.2 | |
| 100 | @a20130329d1984 em y0chiy0110 ea | |
| 101 | 0 | @achi |
| 102 | @aCN@b150000 | |
| 105 | @ay z 000yy | |
| 200 | 1 | @a简明地理手册@9jian ming di li shou ce@f呼和浩特市教育局教研室中心地理教研组编 |
| 210 | @a呼和浩特@c内蒙古人民出版社@d1984 | |
| 215 | @a355页@d19cm | |
| 517 | 1 | @a地理手册@9di li shou ce |
| 606 | 0 | @a历史@x手册 |
| 690 | @aK9-62@v5 | |
| 690 | @aK-62@v4 | |
| 711 | 02 | @a呼和浩特市教育局教研室中心地理教研组@9hu he hao te shi jiao yu ju jiao yan shi zhong xin di li jiao yan zu@4编 |
| 801 | 0 | @aCN@bTSSF@c20150125 |
| 905 | @aZUCC@dK-62@eJY20 | |
| 简明地理手册/呼和浩特市教育局教研室中心地理教研组编.-呼和浩特:内蒙古人民出版社,1984 |
| 355页;19cm |
| ISBN :CNY1.10 |
| ● |
| 相关链接 |
|
|
|
|
正题名:简明地理手册
索取号:K-62/JY20
 
预约/预借
| 序号 | 登录号 | 条形码 | 馆藏地/架位号 | 状态 | 备注 |
| 1 | 7839502 | 278395023 | 学院路分馆/ [索取号:K-62/JY20] | 在馆 | |
| 2 | 7839503 | 278395032 | 学院路分馆/ [索取号:K-62/JY20] | 在馆 | |
| 3 | 7839504 | 278395041 | 学院路分馆/ [索取号:K-62/JY20] | 在馆 | |
| 4 | 7841035 | 278410355 | 学院路分馆/ [索取号:K-62/JY20] | 在馆 | |
| 5 | 7841036 | 278410364 | 学院路分馆/ [索取号:K-62/JY20] | 在馆 | |
| 6 | 7841037 | 278410373 | 学院路分馆/ [索取号:K-62/JY20] | 在馆 | |
| 7 | 7841038 | 278410382 | 学院路分馆/ [索取号:K-62/JY20] | 在馆 |